[Event "GER KF-35 Class1 B1 email"]
[Site "GER email"]
[Date "2007.??.??"]
[Round "?"]
[White "Leupold, Volker"]
[Black "Salov, Sergey Aleksandrovi"]
[Result "0-1"]
[WhiteElo "1585"]
[BlackElo "2258"]
[PlyCount "102"]
[EventDate "2007.??.??"]
[EventType "tourn (corr)"]
[EventRounds "6"]
[EventCountry "GER"]
[SourceTitle "Corr 2008"]
[Source "ChessBase"]
[SourceDate "2008.06.24"]
[SourceVersion "1"]
[SourceVersionDate "2008.06.24"]
[SourceQuality "1"]

1. e4 c5 2. Nf3 d6 3. Nc3 a6 4. d4 cxd4 5. Nxd4 Nf6 6. Be2 e5 7. Nb3 Be7 8. Qd3 0-0 9. 0-0 Nbd7 10. Qg3 Kh8 11. a4 b6 12. Rd1 Bb7 13. f3 Qc7 14. Be3 Nh5 15. Qh3 g6 16. Rd2 Nf4 17. Bxf4 exf4 18. Qh6 Nc5 19. Nd5 Bxd5 20. Rxd5 Nxb3 21. cxb3 Qc2 22. Bd3 Qxb2 23. Rb1 Qf6 24. Rd1 Rfc8 25. Qh3 Rc7 26. Bf1 h5 27. Bc4 b5 28. axb5 axb5 29. Bxb5 Ra1 30. Bc4 Kg7 31. g3 Rca7 32. Qf1 fxg3 33. hxg3 Rxd1 34. Rxd1 Ra2 35. b4 Rb2 36. f4 Bd8 37. Qd3 Bb6+ 38. Kh1 Rxb4 39. Kg2 h4 40. Bb3 Bc5 41. Bc2 Rb2 42. Rd2 Ra2 43. Bb3 Ra3 44. Qf3 Bb4 45. Ra2 Rxa2+ 46. Bxa2 Qb2+ 47. Qf2 h3+ 48. Kf3 Qxf2+ 49. Kxf2 Be1+ 50. Kf3 h2 51. Kg2 Bxg3 0-1

[Event "GER KF-35 Class1 B1 email"]
[Site "GER email"]
[Date "2007.??.??"]
[Round "?"]
[White "Salov, Sergey Aleksandrovi"]
[Black "Harm, Joerg"]
[Result "0-1"]
[WhiteElo "2258"]
[BlackElo "2246"]
[PlyCount "106"]
[EventDate "2007.??.??"]
[EventType "tourn (corr)"]
[EventRounds "6"]
[EventCountry "GER"]
[SourceTitle "Corr 2008"]
[Source "ChessBase"]
[SourceDate "2008.06.24"]
[SourceVersion "1"]
[SourceVersionDate "2008.06.24"]
[SourceQuality "1"]

1. e4 e5 2. Nf3 Nc6 3. Bb5 a6 4. Ba4 Nf6 5. 0-0 Be7 6. Re1 b5 7. Bb3 0-0 8. c3 d6 9. h3 Nb8 10. d4 Nbd7 11. Nbd2 Bb7 12. Bc2 c5 13. b3 cxd4 14. cxd4 exd4 15. Nxd4 Re8 16. Bb2 Rc8 17. a4 b4 18. Nf5 Bf8 19. Nc4 Re6 20. Qd2 Ne5 21. f3 Nxc4 22. bxc4 a5 23. Rad1 Qb6+ 24. Bd4 Qc7 25. Bb3 Nd7 26. Qb2 g6 27. Ne3 Nc5 28. Nd5 Bxd5 29. cxd5 Ree8 30. Rc1 Qe7 31. Bxc5 Rxc5 32. Rxc5 dxc5 33. Kf1 Qg5 34. Qc1 Qg3 35. Qc2 Qh2 36. Rc1 Rc8 37. Qf2 Bg7 38. Rxc5 Qh1+ 39. Ke2 Rxc5 40. Qxc5 Qxg2+ 41. Qf2 Qxh3 42. Kd3 h5 43. Ke2 Be5 44. Qb6 h4 45. Qg1 Qc8 46. Qg5 Qc3 47. d6 Qb2+ 48. Kf1 Qxb3 49. Qxe5 Qxf3+ 50. Ke1 h3 51. d7 Qe3+ 52. Kf1 Qd3+ 53. Kg1 Qxd7 0-1

[Event "GER KF-35 Class1 B1 email"]
[Site "GER email"]
[Date "2007.??.??"]
[Round "?"]
[White "Salov, Sergey Aleksandrovi"]
[Black "Lukas, Norbert"]
[Result "1-0"]
[WhiteElo "2258"]
[BlackElo "1976"]
[PlyCount "113"]
[EventDate "2007.??.??"]
[EventType "tourn (corr)"]
[EventRounds "6"]
[EventCountry "GER"]
[SourceTitle "Corr 2008"]
[Source "ChessBase"]
[SourceDate "2008.06.24"]
[SourceVersion "1"]
[SourceVersionDate "2008.06.24"]
[SourceQuality "1"]

1. e4 e6 2. d4 d5 3. Nc3 Bb4 4. e5 c5 5. a3 Bxc3+ 6. bxc3 Ne7 7. Qg4 Qc7 8. Qxg7 Rg8 9. Qxh7 cxd4 10. Ne2 Nbc6 11. f4 dxc3 12. Qd3 Bd7 13. Qxc3 Nf5 14. Rb1 d4 15. Qd3 0-0-0 16. Bd2 f6 17. g3 fxe5 18. Bg2 Nfe7 19. Qc4 Nd5 20. 0-0 Rgf8 21. Qb3 Kb8 22. fxe5 Rxf1+ 23. Rxf1 Bc8 24. Rb1 Qxe5 25. Nf4 Ka8 26. a4 a6 27. Nxd5 exd5 28. Bf4 Qe6 29. Qb6 Rd7 30. Qc5 Rd8 31. h4 Qf5 32. Bg5 Re8 33. Rf1 Qg4 34. Qd6 Bf5 35. Bxd5 Be4 36. Bxe4 Qxe4 37. Rf8 Rxf8 38. Qxf8+ Ka7 39. Qf2 Kb6 40. Qg2 Qe1+ 41. Kh2 Qe6 42. Bf4 Kc5 43. g4 Ne5 44. Kh3 Ng6 45. Bg3 b5 46. axb5 axb5 47. Qf3 b4 48. Bb8 Kb6 49. h5 Ne7 50. Qd3 Nc6 51. Bf4 Qe1 52. h6 Qh1+ 53. Bh2 Qc1 54. h7 Qh6+ 55. Kg2 Qg7 56. Qh3 Qh8 57. g5 1-0

[Event "RUS-Cup1 email"]
[Site "RCCA email"]
[Date "2001.04.15"]
[Round "?"]
[White "Berezin, Victor"]
[Black "Salov, Sergey Aleksandrovi"]
[Result "1/2-1/2"]
[WhiteElo "2201"]
[BlackElo "2408"]
[PlyCount "86"]
[EventDate "2001.??.??"]
[EventType "tourn (corr)"]
[EventRounds "14"]
[EventCountry "RUS"]
[SourceTitle "Corr 2011"]
[Source "ChessBase"]
[SourceDate "2010.08.31"]
[SourceVersion "1"]
[SourceVersionDate "2010.08.31"]
[SourceQuality "1"]

1. e4 c5 2. Nf3 e6 3. d4 cxd4 4. Nxd4 a6 5. Nc3 b5 6. Bd3 Qb6 7. Nb3 Qc7 8. 0-0 Bb7 9. Qe2 d6 10. f4 Nd7 11. Be3 Ngf6 12. a3 Be7 13. Rae1 Rc8 14. Qf3 d5 15. exd5 Nxd5 16. Be4 N7f6 17. Bd4 Nxe4 18. Nxe4 Nf6 19. Bxf6 gxf6 20. f5 e5 21. Rf2 Qb6 22. c3 Rg8 23. Kh1 a5 24. Nbd2 b4 25. axb4 axb4 26. Qh3 Rg7 27. Rf3 bxc3 28. bxc3 Ra8 29. Rg3 Rxg3 30. Qxg3 Kf8 31. h3 Qd8 32. Qh4 Kg7 33. Kh2 Qd3 34. Qf2 Kh8 35. Qb6 Bd5 36. Re3 Qa6 37. Qb1 Qc8 38. Qf1 Qb7 39. Qe2 Ra1 40. Qh5 Qb6 41. Qh6 Bxe4 42. Nxe4 Qb1 43. Nxf6 Qxf5 1/2-1/2

[Event "RUS-Cup1 email"]
[Site "RCCA email"]
[Date "2001.04.15"]
[Round "?"]
[White "Romanov, Viktor Mikhailovich"]
[Black "Salov, Sergey Aleksandrovi"]
[Result "0-1"]
[WhiteElo "1804"]
[BlackElo "2408"]
[PlyCount "90"]
[EventDate "2001.??.??"]
[EventType "tourn (corr)"]
[EventRounds "14"]
[EventCountry "RUS"]
[SourceTitle "Corr 2011"]
[Source "ChessBase"]
[SourceDate "2010.08.31"]
[SourceVersion "1"]
[SourceVersionDate "2010.08.31"]
[SourceQuality "1"]

1. d4 Nf6 2. c4 c5 3. d5 b5 4. cxb5 a6 5. e3 axb5 6. Bxb5 Qa5+ 7. Nc3 Bb7 8. Nge2 Nxd5 9. 0-0 Nc7 10. Bc4 Ba6 11. Bxa6 Nbxa6 12. Bd2 Qb6 13. Qc2 e6 14. a3 Be7 15. e4 0-0 16. Nf4 d6 17. Be3 Rfb8 18. Rab1 Qb3 19. Rfc1 Ne8 20. Qxb3 Rxb3 21. Rc2 Bf6 22. Nfe2 Rab8 23. Bd2 Nec7 24. Nc1 R3b7 25. b3 d5 26. exd5 exd5 27. Bf4 Rd8 28. Bg3 Ne6 29. Kf1 h5 30. h3 h4 31. Bh2 Nd4 32. Ra2 Nf3 33. gxf3 Bxc3 34. Rc2 Bf6 35. b4 c4 36. Ne2 Nc5 37. Rd1 Nd3 38. Nc3 g5 39. Rdd2 Bg7 40. Rd1 f5 41. Bg1 f4 42. Bh2 Kf7 43. Nb1 Bf6 44. Rcd2 Re8 45. Rxd3 cxd3 0-1

[Event "RUS-Cup1 email"]
[Site "RCCA email"]
[Date "2001.04.15"]
[Round "?"]
[White "Salov, Sergey Aleksandrovi"]
[Black "Borisenkov, Dmitry Vasilievich"]
[Result "1/2-1/2"]
[WhiteElo "2408"]
[BlackElo "2468"]
[PlyCount "75"]
[EventDate "2001.??.??"]
[EventType "tourn (corr)"]
[EventRounds "14"]
[EventCountry "RUS"]
[SourceTitle "Corr 2011"]
[Source "ChessBase"]
[SourceDate "2010.08.31"]
[SourceVersion "1"]
[SourceVersionDate "2010.08.31"]
[SourceQuality "1"]

1. e4 e5 2. Nf3 Nc6 3. Bb5 a6 4. Ba4 Nf6 5. 0-0 Be7 6. Re1 b5 7. Bb3 0-0 8. c3 d5 9. exd5 Nxd5 10. Nxe5 Nxe5 11. Rxe5 c6 12. d4 Bd6 13. Re1 Qh4 14. g3 Qh3 15. Be3 Bg4 16. Qd3 Rae8 17. Nd2 Re6 18. a4 f5 19. Qf1 Qh5 20. f4 bxa4 21. Bxd5 cxd5 22. Qg2 Rfe8 23. Qxd5 Kh8 24. Bf2 Rxe1+ 25. Rxe1 Rxe1+ 26. Bxe1 Qe8 27. Bf2 h6 28. h3 Bxh3 29. Nc4 Bc7 30. Qh1 Bg4 31. Qb7 Qe2 32. Ne3 Bd8 33. Nxg4 fxg4 34. Qc6 Qxb2 35. Qxa4 Qc1+ 36. Kg2 Qxc3 37. Qxa6 Qf3+ 38. Kg1 1/2-1/2

[Event "RUS-Cup1 email"]
[Site "RCCA email"]
[Date "2001.04.15"]
[Round "?"]
[White "Salov, Sergey Aleksandrovi"]
[Black "Rostovtsev, Evgeny Georgievich"]
[Result "1/2-1/2"]
[WhiteElo "2408"]
[BlackElo "2069"]
[PlyCount "35"]
[EventDate "2001.??.??"]
[EventType "tourn (corr)"]
[EventRounds "14"]
[EventCountry "RUS"]
[SourceTitle "Corr 2011"]
[Source "ChessBase"]
[SourceDate "2010.08.31"]
[SourceVersion "1"]
[SourceVersionDate "2010.08.31"]
[SourceQuality "1"]

1. e4 e6 2. d4 d5 3. Nd2 c5 4. Ngf3 cxd4 5. exd5 Qxd5 6. Bc4 Qd6 7. 0-0 Nf6 8. Nb3 Nc6 9. Nbxd4 Nxd4 10. Nxd4 a6 11. b3 Qc7 12. Bb2 Bd6 13. Nf3 b5 14. Bd3 Bb7 15. Re1 0-0 16. a4 Rfd8 17. axb5 axb5 18. Rxa8 1/2-1/2